000
00419nam a2200145Ia 4500
008
090124s9999 xx 000 0 und d
082
_b
304823
245
_a
अजगर
250
_a
3
260
_b
खानोलकर चिं.त्र्यं.(चिंतामणी त्र्यंबक)(आरती
_c
2003
300
_a
90
630
_a
अजगर
730
_a
अजगर
942
_c
BOOK
999
_c
194752
_d
194752